[Event "TUR-chT 2nd League"]
[Site "Denizli"]
[Date "2023.07.15"]
[Round "9.155"]
[White "Duru, Ipek"]
[Black "Bolu, Yagmur"]
[Result "1/2-1/2"]
[WhiteElo "1609"]
[BlackElo "1499"]
[PlyCount "38"]
[EventDate "2023.07.09"]
[EventType "team-swiss"]
[EventRounds "9"]
[EventCountry "TUR"]
[SourceTitle "CBM 215 Extra"]
[Source "ChessBase"]
[SourceDate "2023.09.30"]
[SourceVersion "1"]
[SourceVersionDate "2023.09.30"]
[SourceQuality "1"]
[WhiteTeam "Karaman Masterler"]
[BlackTeam "Altin Hamle Corum"]
[WhiteTeamCountry "TUR"]
[BlackTeamCountry "TUR"]

1. e4 c6 2. d4 d5 3. Nd2 dxe4 4. Nxe4 Bf5 5. Ng3 Bg6 6. Nf3 Nd7 7. Bd3 e6 8. Bf4 Ngf6 9. Bxg6 hxg6 10. c3 Nd5 11. Qd2 N7b6 12. Rb1 Nc4 13. Qc1 Qa5 14. a4 Nxf4 15. Qxf4 Bd6 16. Qc1 Bxg3 17. fxg3 Qc7 18. Qc2 Qa5 19. Qc1 Qc7 1/2-1/2

[Event "TUR-chT 2nd League"]
[Site "Denizli"]
[Date "2023.07.13"]
[Round "7.85"]
[White "Babayeva, Nasrin"]
[Black "Duru, Ipek"]
[Result "1-0"]
[WhiteElo "1968"]
[BlackElo "1609"]
[PlyCount "83"]
[EventDate "2023.07.09"]
[EventType "team-swiss"]
[EventRounds "9"]
[EventCountry "TUR"]
[SourceTitle "CBM 215 Extra"]
[Source "ChessBase"]
[SourceDate "2023.09.30"]
[SourceVersion "1"]
[SourceVersionDate "2023.09.30"]
[SourceQuality "1"]
[WhiteTeam "Nida"]
[BlackTeam "Karaman Masterler"]
[WhiteTeamCountry "TUR"]
[BlackTeamCountry "TUR"]

1. e4 d5 2. e5 e6 3. f4 c5 4. d3 Nc6 5. Nf3 Be7 6. c3 d4 7. Qe2 Qc7 8. Nbd2 b5 9. a3 Nh6 10. Ne4 f6 11. exf6 gxf6 12. Bd2 Nf7 13. Rc1 Qb6 14. g4 Bd7 15. Bg2 0-0-0 16. cxd4 cxd4 17. b4 e5 18. g5 f5 19. Nc5 Bxc5 20. Rxc5 Rhe8 21. fxe5 Kb8 22. 0-0 Re6 23. Bf4 Nd6 24. Qf2 Nb7 25. Rc2 Be8 26. Rfc1 a6 27. Nh4 Ne7 28. Bg3 Bg6 29. Nxg6 hxg6 30. Rc7 Qxc7 31. Rxc7 Kxc7 32. Qa2 Kd7 33. Bxb7 Rb6 34. Bf3 Rc8 35. Bf2 Re6 36. Bxd4 Rd8 37. Bd5 Kc7 38. Bxe6 Rxd4 39. Qc2+ Nc6 40. Qc5 Rxd3 41. Bd5 Rd1+ 42. Kf2 1-0

[Event "TUR-ch (Women)"]
[Site "Corum"]
[Date "2021.06.15"]
[Round "3"]
[White "Duru, Ipek"]
[Black "Keskin, Suara"]
[Result "0-1"]
[WhiteElo "1560"]
[BlackElo "1743"]
[PlyCount "46"]
[EventDate "2021.06.13"]
[EventType "swiss"]
[EventRounds "7"]
[EventCountry "TUR"]
[SourceTitle "CBM 203 Extra"]
[Source "ChessBase"]
[SourceDate "2021.09.30"]
[SourceVersion "1"]
[SourceVersionDate "2021.09.30"]
[SourceQuality "1"]

1. d4 g6 2. Nf3 Bg7 3. Bf4 d6 4. e3 Nf6 5. Be2 0-0 6. h3 Nbd7 7. c4 Ne4 8. Nbd2 Nxd2 9. Qxd2 e5 10. dxe5 dxe5 11. Bh2 e4 12. Nd4 Ne5 13. Qc2 Nd3+ 14. Bxd3 exd3 15. Qd2 Bxd4 16. exd4 Re8+ 17. Kd1 Qxd4 18. Re1 Bf5 19. g4 Rxe1+ 20. Qxe1 Qxb2 21. Rc1 Bd7 22. Qe3 Ba4+ 23. Ke1 Re8 0-1

[Event "TUR-ch U13-U18 Girls"]
[Site "Antalya"]
[Date "2020.01.24"]
[Round "9"]
[White "Koca, Cisem"]
[Black "Duru, Ipek"]
[Result "1-0"]
[WhiteElo "1643"]
[BlackElo "1566"]
[PlyCount "87"]
[EventDate "2020.01.19"]
[EventType "swiss"]
[EventRounds "11"]
[EventCountry "TUR"]
[SourceTitle "CBM 195 Extra"]
[Source "ChessBase"]
[SourceDate "2020.05.31"]
[SourceVersion "1"]
[SourceVersionDate "2020.05.31"]
[SourceQuality "1"]

1. d4 Nf6 2. Bg5 d6 3. Bxf6 exf6 4. e3 Nd7 5. g3 d5 6. Bg2 Nb6 7. Nd2 Bf5 8. Ne2 c6 9. c3 Bd6 10. 0-0 0-0 11. Re1 Qd7 12. Rc1 a5 13. a4 Rfe8 14. c4 Bb4 15. cxd5 cxd5 16. b3 Rac8 17. Bf1 Ba3 18. Rxc8 Rxc8 19. Nf4 Rc3 20. Ne2 Rc8 21. Nf4 Rc3 22. Ne2 Rc8 23. Nf4 Bb4 24. Bd3 Bg4 25. Be2 Bxe2 26. Nxe2 Qc6 27. Rf1 Qc2 28. Nb1 Kf8 29. Nf4 Qxd1 30. Rxd1 Ke7 31. Nd3 Bd6 32. Rc1 Rxc1+ 33. Nxc1 Kd7 34. Nc3 Kc6 35. Nd3 Na8 36. Nb5 Bb4 37. Kf1 Be7 38. Nf4 g5 39. Ne2 Bb4 40. g4 Nc7 41. Nxc7 Kxc7 42. Ng3 Kc6 43. Ke2 Bd6 44. Kf3 1-0

[Event "TUR-ch U13-U18 Girls"]
[Site "Antalya"]
[Date "2020.01.21"]
[Round "4"]
[White "Koc, Azra Ece"]
[Black "Duru, Ipek"]
[Result "1/2-1/2"]
[WhiteElo "1806"]
[BlackElo "1566"]
[PlyCount "58"]
[EventDate "2020.01.19"]
[EventType "swiss"]
[EventRounds "11"]
[EventCountry "TUR"]
[SourceTitle "CBM 195 Extra"]
[Source "ChessBase"]
[SourceDate "2020.05.31"]
[SourceVersion "1"]
[SourceVersionDate "2020.05.31"]
[SourceQuality "1"]

1. d4 Nf6 2. Bf4 b6 3. e3 Bb7 4. Nf3 g6 5. c4 Bg7 6. Nc3 d6 7. Qc2 Nbd7 8. Rd1 0-0 9. e4 a6 10. h3 Qe8 11. Be3 e5 12. d5 Nh5 13. g4 Nf4 14. Ne2 Nf6 15. Rg1 Bc8 16. Nc3 Qe7 17. b4 Bd7 18. c5 bxc5 19. bxc5 Ne8 20. Na4 Bb5 21. h4 Bxf1 22. Kxf1 dxc5 23. Nxc5 Nd6 24. Bxf4 exf4 25. Re1 Nb5 26. e5 Rfd8 27. Qc4 Na3 28. Qc3 Rxd5 29. Ne4 Rad8 1/2-1/2

[Event "Istanbul Redbull Masters"]
[Site "Istanbul"]
[Date "2019.11.24"]
[Round "6.8"]
[White "Duru, Ipek"]
[Black "Yanik, Sural Emine"]
[Result "1-0"]
[WhiteElo "1566"]
[BlackElo "1834"]
[PlyCount "74"]
[EventDate "2019.11.23"]
[EventType "k.o."]
[EventRounds "8"]
[EventCountry "TUR"]
[SourceTitle "CBM 193 Extra"]
[Source "ChessBase"]
[SourceDate "2020.01.31"]
[SourceVersion "1"]
[SourceVersionDate "2020.01.31"]
[SourceQuality "1"]

1. e4 d5 2. exd5 Qxd5 3. d4 Nc6 4. Be3 e5 5. Ne2 Bg4 6. f3 Bf5 7. Nbc3 Bb4 8. a3 Bxc3+ 9. Nxc3 Qd7 10. d5 Nce7 11. Bb5 c6 12. dxc6 bxc6 13. Qxd7+ Bxd7 14. Ba4 Nf6 15. 0-0-0 h6 16. Ne4 Nxe4 17. fxe4 Nc8 18. Bc5 Nb6 19. Bb3 Rb8 20. Bxb6 axb6 21. Bxf7+ Kxf7 22. Rxd7+ Kg8 23. Re7 Rf8 24. Rxe5 Rf2 25. Re6 Rxg2 26. Rxc6 Kh7 27. Rxb6 Re8 28. Rb4 Rd8 29. h3 Rdd2 30. Rc4 Rge2 31. b4 Rd8 32. a4 Rf8 33. b5 Rf3 34. Kb2 Ree3 35. b6 Rf7 36. a5 Rb7 37. Rc7 Rb8 1-0

[Event "TUR-chT 1st League"]
[Site "Konya"]
[Date "2019.07.26"]
[Round "7.4"]
[White "Duru, Ipek"]
[Black "Tokat, Nehir"]
[Result "1/2-1/2"]
[WhiteElo "1633"]
[BlackElo "1586"]
[PlyCount "63"]
[EventDate "2019.07.22"]
[EventType "team-swiss"]
[EventRounds "9"]
[EventCountry "TUR"]
[SourceTitle "CBM 191 Extra"]
[Source "ChessBase"]
[SourceDate "2019.09.30"]
[SourceVersion "1"]
[SourceVersionDate "2019.09.30"]
[SourceQuality "1"]
[WhiteTeam "Bulancak Ihsaniye Genclik"]
[BlackTeam "Pamukkale Universiteli"]
[WhiteTeamCountry "TUR"]
[BlackTeamCountry "TUR"]

1. e4 c5 2. Nc3 Nc6 3. d3 g6 4. g3 Bg7 5. Bg2 e6 6. f4 Nge7 7. Be3 d6 8. Nf3 Nd4 9. 0-0 0-0 10. Qd2 Rb8 11. Rab1 b5 12. Ne2 Nec6 13. c3 Nxe2+ 14. Qxe2 Qe7 15. Nh4 Bb7 16. Qf2 f5 17. e5 Rfd8 18. d4 cxd4 19. cxd4 d5 20. Nf3 Rdc8 21. Rfc1 Bf8 22. Ne1 Na5 23. Nd3 Nc4 24. b4 Qe8 25. Rb3 a5 26. a3 axb4 27. axb4 Ra8 28. Bf1 Bc6 29. Rc2 Ra7 30. Rc1 Rca8 31. Rc2 Ra1 32. Bd2 1/2-1/2

[Event "TUR-chT 1st League"]
[Site "Konya"]
[Date "2019.07.25"]
[Round "5.4"]
[White "Duru, Ipek"]
[Black "Ciftci, Zeynep"]
[Result "1-0"]
[WhiteElo "1633"]
[BlackElo "1317"]
[PlyCount "103"]
[EventDate "2019.07.22"]
[EventType "team-swiss"]
[EventRounds "9"]
[EventCountry "TUR"]
[SourceTitle "CBM 191 Extra"]
[Source "ChessBase"]
[SourceDate "2019.09.30"]
[SourceVersion "1"]
[SourceVersionDate "2019.09.30"]
[SourceQuality "1"]
[WhiteTeam "Bulancak Ihsaniye Genclik"]
[BlackTeam "Karsiyaka Ihtisas"]
[WhiteTeamCountry "TUR"]
[BlackTeamCountry "TUR"]

1. e4 c6 2. d4 d5 3. Nc3 dxe4 4. Nxe4 Bf5 5. Ng3 Bg6 6. Bc4 e6 7. N1e2 Bd6 8. 0-0 Qc7 9. f4 Nf6 10. f5 Bxf5 11. Nxf5 Bxh2+ 12. Kh1 exf5 13. Rxf5 0-0 14. Bf4 Bxf4 15. Rxf4 Nbd7 16. Qd2 Nb6 17. Bd3 Nbd5 18. Rh4 Ne7 19. Rf1 Ng6 20. Rh3 c5 21. Rxf6 gxf6 22. Qh6 Rfe8 23. Qxh7+ Kf8 24. Qh6+ Ke7 25. Bxg6 fxg6 26. Qxg6 Qd6 27. dxc5 Qd1+ 28. Ng1 Rh8 29. Qg7+ Ke6 30. Rxh8 Rxh8+ 31. Qxh8 Qxc2 32. Qe8+ Kf5 33. Qd7+ Kf4 34. Nh3+ Kg3 35. Qd6+ Kg4 36. Qxf6 Qxc5 37. Qf3+ Kh4 38. Qf2+ Qxf2 39. Nxf2 Kg3 40. Kg1 a6 41. a3 b6 42. b3 Kf4 43. g4 Kg5 44. Kg2 Kg6 45. Kg3 Kg5 46. Nh3+ Kg6 47. Kf4 b5 48. b4 Kf6 49. g5+ Kg6 50. Kg4 Kg7 51. Kf5 Kf7 52. g6+ 1-0

[Event "TUR-chT 1st League"]
[Site "Konya"]
[Date "2019.07.22"]
[Round "1.6"]
[White "Duru, Ipek"]
[Black "Dirican, Feride"]
[Result "1-0"]
[WhiteElo "1633"]
[BlackElo "1466"]
[PlyCount "93"]
[EventDate "2019.07.22"]
[EventType "team-swiss"]
[EventRounds "9"]
[EventCountry "TUR"]
[SourceTitle "CBM 191 Extra"]
[Source "ChessBase"]
[SourceDate "2019.09.30"]
[SourceVersion "1"]
[SourceVersionDate "2019.09.30"]
[SourceQuality "1"]
[WhiteTeam "Bulancak Ihsaniye Genclik"]
[BlackTeam "Aydin Egitim Merkezi"]
[WhiteTeamCountry "TUR"]
[BlackTeamCountry "TUR"]

1. e4 c5 2. Nc3 Nc6 3. d3 d6 4. g3 g6 5. Bg2 Bg7 6. f4 e5 7. Nge2 Nf6 8. 0-0 0-0 9. h3 Nd4 10. Be3 Be6 11. Qd2 Qd7 12. Kh2 Nh5 13. g4 Nxf4 14. Nxf4 exf4 15. Bxf4 f5 16. exf5 gxf5 17. g5 Kh8 18. Ne2 Nxe2 19. Qxe2 Bf7 20. Bf3 Rad8 21. h4 Rfe8 22. Qg2 Rb8 23. h5 Rg8 24. g6 Bf6 25. Qh3 Be6 26. Rg1 Be5 27. Qh4 Qd8 28. Qg3 Qf6 29. Rae1 Bxf4 30. Qxf4 Bd7 31. Rg3 Bc6 32. Reg1 Rg7 33. Rg5 Rf8 34. Bxc6 bxc6 35. gxh7 Rxh7 36. Rf1 Qxb2 37. Qxd6 Re8 38. Rf2 Qe5+ 39. Qxe5+ Rxe5 40. Rfxf5 Re2+ 41. Kg3 Rhe7 42. Rxc5 R7e3+ 43. Kf4 Re6 44. Rg6 Rf2+ 45. Kg3 Rfe2 46. Rxe6 Rg2+ 47. Kh4 1-0

[Event "TUR-chT2"]
[Site "Konya"]
[Date "2018.07.12"]
[Round "5.21"]
[White "Aydogan, Sumeyye"]
[Black "Duru, Ipek"]
[Result "0-1"]
[WhiteElo "1143"]
[BlackElo "1486"]
[PlyCount "100"]
[EventDate "2018.07.10"]
[EventType "team-swiss"]
[EventRounds "9"]
[EventCountry "TUR"]
[SourceTitle "EXT 2019"]
[Source "ChessBase"]
[SourceDate "2018.10.10"]
[SourceVersion "1"]
[SourceVersionDate "2018.10.10"]
[SourceQuality "1"]
[WhiteTeam "Afyonkarahisar Deha"]
[BlackTeam "Osmaneli Belediye"]
[WhiteTeamCountry "TUR"]
[BlackTeamCountry "TUR"]

1. Nf3 Nc6 2. d4 d5 3. g3 g6 4. Bg2 Bg7 5. 0-0 Nf6 6. c4 e6 7. Nc3 0-0 8. Bg5 h6 9. Bf4 Nh5 10. Be3 Ne7 11. cxd5 Nxd5 12. Nxd5 exd5 13. Rc1 c6 14. Qd2 Kh7 15. h3 Re8 16. Ne5 Nf6 17. Nxf7 Qe7 18. Nxh6 Bxh3 19. Bxh3 Ne4 20. Qd3 Bxh6 21. Bxh6 Kxh6 22. Rce1 Qg5 23. Kg2 Kg7 24. b4 Rh8 25. Rh1 Raf8 26. Ref1 a6 27. a4 Rf4 28. Qe3 Rxf2+ 29. Qxf2 Nxf2 30. Rxf2 Rf8 31. Rxf8 Kxf8 32. Bc8 Kg7 33. Bxb7 Qe7 34. Bxc6 Qxe2+ 35. Kg1 Qf3 36. Kh2 Qe2+ 37. Kg1 Qd2 38. b5 Qxd4+ 39. Kg2 Qxa4 40. Bxd5 Qc2+ 41. Kh3 Qf5+ 42. g4 Qxd5 43. Rc1 Qf3+ 44. Kh4 g5+ 45. Kxg5 Qe3+ 46. Kh4 Qxc1 47. bxa6 Qa3 48. g5 Qxa6 49. Kh5 Qe2+ 50. Kh4 Kg6 0-1

[Event "TUR-ch (Women)"]
[Site "Antalya"]
[Date "2018.03.07"]
[Round "4"]
[White "Duru, Ipek"]
[Black "Anacoglu, Cisel"]
[Result "0-1"]
[WhiteElo "1404"]
[BlackElo "1653"]
[PlyCount "88"]
[EventDate "2018.03.05"]
[EventType "swiss"]
[EventRounds "9"]
[EventCountry "TUR"]
[SourceTitle "CBM 183 Extra"]
[Source "ChessBase"]
[SourceDate "2018.04.19"]
[SourceVersion "1"]
[SourceVersionDate "2018.04.19"]
[SourceQuality "1"]

1. e4 e5 2. Bc4 Nf6 3. d4 Nxe4 4. dxe5 Nc5 5. Be3 Ne6 6. Bxe6 fxe6 7. Qh5+ g6 8. Qg4 Nc6 9. Nf3 Bg7 10. Bg5 Ne7 11. 0-0 0-0 12. Nc3 d5 13. Qh4 Rf7 14. Rad1 Qe8 15. Bxe7 Qxe7 16. Qg3 a6 17. Rd4 c5 18. Rh4 Rf5 19. Nd1 d4 20. c3 dxc3 21. Ne3 Rf8 22. bxc3 Bd7 23. Qh3 h6 24. Ng4 h5 25. Ne3 Bc6 26. Nc4 Bxf3 27. gxf3 b5 28. Nd2 Qg5+ 29. Kh1 Qxd2 30. Qxe6+ Kh7 31. Rg1 Qh6 32. f4 Rf5 33. Rh3 Rxf4 34. Rd3 g5 35. Qe7 Qg6 36. Rxg5 Rf7 37. Rxg6 Rxe7 38. Rg5 Rxe5 39. Rd5 Rxd5 40. Rxd5 c4 41. Rxh5+ Kg8 42. Rg5 Rd8 43. Rg6 Rd2 44. Rxa6 Bxc3 0-1

[Event "TUR-ch (Women)"]
[Site "Antalya"]
[Date "2018.03.06"]
[Round "2"]
[White "Duru, Ipek"]
[Black "Kara, Gulce Nehir"]
[Result "1-0"]
[WhiteElo "1404"]
[BlackElo "1650"]
[PlyCount "31"]
[EventDate "2018.03.05"]
[EventType "swiss"]
[EventRounds "9"]
[EventCountry "TUR"]
[SourceTitle "CBM 183 Extra"]
[Source "ChessBase"]
[SourceDate "2018.04.19"]
[SourceVersion "1"]
[SourceVersionDate "2018.04.19"]
[SourceQuality "1"]

1. e4 c5 2. Nc3 a6 3. g3 b5 4. Bg2 Bb7 5. d3 e6 6. f4 Ne7 7. Nf3 d5 8. 0-0 b4 9. Na4 Qa5 10. b3 Nc8 11. f5 exf5 12. exf5 Be7 13. Bg5 0-0 14. f6 gxf6 15. Bh6 Re8 16. Ne5 1-0

[Event "TUR-chT 2nd League"]
[Site "Konya"]
[Date "2017.07.23"]
[Round "9.7"]
[White "Kaya, Ilgin"]
[Black "Duru, Ipek"]
[Result "1/2-1/2"]
[WhiteElo "1366"]
[BlackElo "1405"]
[PlyCount "77"]
[EventDate "2017.07.17"]
[EventType "team-swiss"]
[EventRounds "9"]
[EventCountry "TUR"]
[SourceTitle "EXT 2018"]
[Source "ChessBase"]
[SourceDate "2017.10.13"]
[SourceVersion "1"]
[SourceVersionDate "2017.10.13"]
[SourceQuality "1"]
[WhiteTeam "Corum Belediye"]
[BlackTeam "Kahramanmaras DSI "]
[WhiteTeamCountry "TUR"]
[BlackTeamCountry "TUR"]

1. c4 g6 2. d4 Bg7 3. Nc3 e6 4. e4 b6 5. Nf3 Bb7 6. Bg5 Ne7 7. Be2 d6 8. 0-0 0-0 9. Qd2 Qd7 10. Bh6 f5 11. Bxg7 Kxg7 12. Qc2 Na6 13. a3 c5 14. Rad1 Qc6 15. d5 Qd7 16. Ng5 exd5 17. exd5 Rf6 18. Qd2 Nc7 19. b4 h6 20. Nf3 Re8 21. bxc5 bxc5 22. Rb1 Ba6 23. Rfe1 Nc8 24. Bd3 Nb6 25. Rxe8 Qxe8 26. Re1 Qd7 27. Qe2 Rf7 28. h3 Qd8 29. Nd1 Qf6 30. Qc2 Re7 31. Rxe7+ Qxe7 32. Ne3 Qf6 33. Kh2 Bc8 34. Qd2 Ba6 35. Qc2 Bc8 36. Qd2 Ba6 37. Qc2 Bc8 38. Qd2 Ba6 39. Qc2 1/2-1/2

[Event "TUR-chT 2nd League"]
[Site "Konya"]
[Date "2017.07.18"]
[Round "3.5"]
[White "Duru, Ipek"]
[Black "Mart, Halenur"]
[Result "1-0"]
[WhiteElo "1405"]
[BlackElo "1068"]
[PlyCount "43"]
[EventDate "2017.07.17"]
[EventType "team-swiss"]
[EventRounds "9"]
[EventCountry "TUR"]
[SourceTitle "CBM 179 Extra"]
[Source "ChessBase"]
[SourceDate "2017.08.23"]
[SourceVersion "1"]
[SourceVersionDate "2017.08.23"]
[SourceQuality "1"]
[WhiteTeam "Kahramanmaras DSI "]
[BlackTeam "Bolu Koroglu"]
[WhiteTeamCountry "TUR"]
[BlackTeamCountry "TUR"]

1. e4 e6 2. Nc3 Nc6 3. g3 Nf6 4. d3 Bb4 5. Bd2 0-0 6. Bg2 d5 7. f4 dxe4 8. Nxe4 Bxd2+ 9. Qxd2 Re8 10. Ne2 e5 11. 0-0 Nd7 12. Rae1 Qe7 13. N2c3 Qe6 14. f5 Qe7 15. Nd5 Qd8 16. f6 Re6 17. Bh3 Re8 18. Qg5 Nxf6 19. Ndxf6+ Kh8 20. Qh5 Qd4+ 21. Kh1 h6 22. Nxe8 1-0

[Event "TUR-chT 2nd League"]
[Site "Konya"]
[Date "2017.07.18"]
[Round "2.1"]
[White "Koc, Aylin"]
[Black "Duru, Ipek"]
[Result "1-0"]
[WhiteElo "1550"]
[BlackElo "1405"]
[PlyCount "41"]
[EventDate "2017.07.17"]
[EventType "team-swiss"]
[EventRounds "9"]
[EventCountry "TUR"]
[SourceTitle "CBM 179 Extra"]
[Source "ChessBase"]
[SourceDate "2017.08.23"]
[SourceVersion "1"]
[SourceVersionDate "2017.08.23"]
[SourceQuality "1"]
[WhiteTeam "Istanbul Moda"]
[BlackTeam "Kahramanmaras DSI "]
[WhiteTeamCountry "TUR"]
[BlackTeamCountry "TUR"]

1. e4 e5 2. Nf3 Nc6 3. Nc3 Nf6 4. d4 exd4 5. Nxd4 Bb4 6. Nxc6 bxc6 7. Bd3 Bxc3+ 8. bxc3 h6 9. 0-0 Qe7 10. Qf3 0-0 11. Re1 Qe5 12. Bf4 Qxc3 13. e5 Nd5 14. Qe4 f5 15. exf6 Qxf6 16. Qh7+ Kf7 17. Be5 Qg5 18. h4 Qg4 19. h5 Nf4 20. Bg6+ Ke6 21. Bxf4+ 1-0

[Event "TUR-ch (Women)"]
[Site "Cesme"]
[Date "2016.03.11"]
[Round "7"]
[White "Duru, Ipek"]
[Black "Novruzova, Nigar Farman Qizi"]
[Result "1-0"]
[WhiteElo "1409"]
[BlackElo "1713"]
[PlyCount "93"]
[EventDate "2016.03.07"]
[EventType "swiss"]
[EventRounds "9"]
[EventCountry "TUR"]
[SourceTitle "CBM 171 Extra"]
[Source "ChessBase"]
[SourceDate "2016.04.26"]
[SourceVersion "1"]
[SourceVersionDate "2016.04.26"]
[SourceQuality "1"]

1. e4 c5 2. Nc3 Nc6 3. g3 g6 4. Bg2 Bg7 5. d3 e6 6. f4 Nge7 7. Nf3 d6 8. Be3 0-0 9. 0-0 b6 10. Nh4 d5 11. Bd2 dxe4 12. dxe4 Ba6 13. Re1 e5 14. f5 Qd7 15. g4 Rad8 16. Be3 Nd4 17. a3 Kh8 18. Bh3 gxf5 19. exf5 Bf6 20. g5 Rg8 21. Ng2 Bxg5 22. Bxg5 Rxg5 23. Ne4 Rxg2+ 24. Bxg2 Qxf5 25. Kh1 Nec6 26. c3 Ne6 27. Qa4 Bb7 28. Rad1 Rxd1 29. Qxd1 Nf4 30. Nd6 Qg6 31. Be4 f5 32. Nxf5 Ne7 33. Qd8+ Ng8 34. Bxb7 Qxf5 35. Bd5 Nxd5 36. Qxd5 h6 37. Qxe5+ Qxe5 38. Rxe5 Kg7 39. Re8 Nf6 40. Re7+ Kg6 41. Rxa7 Kg5 42. Rb7 Nd5 43. c4 Ne3 44. b3 Nc2 45. a4 Nd4 46. Rxb6 h5 47. a5 1-0

[Event "TUR-ch (Women)"]
[Site "Cesme"]
[Date "2016.03.08"]
[Round "3"]
[White "Duru, Ipek"]
[Black "Erece, Ece Alkim"]
[Result "0-1"]
[WhiteElo "1409"]
[BlackElo "1752"]
[PlyCount "62"]
[EventDate "2016.03.07"]
[EventType "swiss"]
[EventRounds "9"]
[EventCountry "TUR"]
[SourceTitle "CBM 171 Extra"]
[Source "ChessBase"]
[SourceDate "2016.04.26"]
[SourceVersion "1"]
[SourceVersionDate "2016.04.26"]
[SourceQuality "1"]

1. e4 g6 2. Nc3 Bg7 3. g3 d6 4. Bg2 c5 5. d3 Nc6 6. f4 Nf6 7. h3 e5 8. Nf3 Nh5 9. Ne2 exf4 10. gxf4 Nd4 11. Nexd4 Bxd4 12. c3 Bf6 13. Be3 Bh4+ 14. Kd2 Bg3 15. Kc2 Bxf4 16. Qd2 Bxe3 17. Qxe3 Be6 18. Rhf1 Qd7 19. Ng5 0-0-0 20. Nxe6 fxe6 21. Rf2 e5 22. Bf3 Qxh3 23. Rh1 Qg3 24. Rg2 Qf4 25. Qxf4 Nxf4 26. Bg4+ Kc7 27. Rgh2 h5 28. Bf3 Rdf8 29. Bd1 Rh7 30. Kd2 g5 31. Bxh5 Rfh8 0-1